[Event "SVM_Verbandsliga_West_2023-24"]
[Site "?"]
[Date "2024.01.14"]
[Round "5.8"]
[White "Fournell, Udo"]
[Black "Langen, Ralf"]
[Result "1-0"]
[WhiteElo "1788"]
[BlackElo "1694"]
[PlyCount "82"]
[EventDate "2024.01.14"]
[EventType "team"]
[WhiteTeam "PTSV Aachen 1"]
[BlackTeam "SG Kohlscheid 1"]

1. e4 c6 2. d4 g6 3. c3 Bg7 4. f4 d5 5. e5 h5 6. Bd3 Nh6 7. Nf3 Bg4 8. Be3 e6 9. Nbd2 Nd7 10. Qc2 Bf5 11. O-O-O b5 12. Ng5 a5 13. Ndf3 Bxd3 14. Qxd3 Nf5 15. Bf2 b4 16. h3 h4 17. Rhg1 Nb6 18. g4 hxg3 19. Bxg3 Qd7 20. Be1 bxc3 21. Bxc3 Bf8 22. Nh2 Nc4 23. b3 Ba3+ 24. Kb1 Nb6 25. Ng4 Ke7 26. Ne3 Nxe3 27. Qxe3 a4 28. Qd3 axb3 29. axb3 c5 30. Nxf7 c4 31. Qg3 Rhg8 32. Nh6 Rg7 33. f5 exf5 34. e6 Qb5 35. Nxf5+ Kf8 36. Bb2 Bxb2 37. Nxg7 c3 38. e7+ Kxe7 39. Rde1+ Kd7 40. Qg4+ Kc7 41. Ne6+ Kc6 1-0

[Event "SVM_Verbandsliga_West_2023-24"]
[Site "?"]
[Date "2024.01.14"]
[Round "5.1"]
[White "Röder, Matthias"]
[Black "Sautter, Joshua"]
[Result "1/2-1/2"]
[WhiteElo "2337"]
[BlackElo "2031"]
[PlyCount "37"]
[EventDate "2024.01.14"]
[EventType "team"]
[WhiteTeam "SF Brand 1"]
[BlackTeam "SV Lendersdorf 1"]

1. d4 d5 2. Nf3 Nf6 3. Bf4 c5 4. e3 Nc6 5. c3 Qb6 6. Qc2 g6 7. Nbd2 Bf5 8. dxc5 Qxc5 9. Qb3 Na5 10. Qb5+ Qxb5 11. Bxb5+ Bd7 12. Bxd7+ Nxd7 13. Nb3 Nc4 14. O-O-O e6 15. Nbd2 Rc8 16. Nxc4 Rxc4 17. Ne5 Nxe5 18. Bxe5 Rg8 19. Bf4 {(=)} 1/2-1/2

[Event "SVM_Verbandsliga_West_2023-24"]
[Site "?"]
[Date "2024.01.14"]
[Round "5.2"]
[White "Chraibi, Mohcine"]
[Black "Wendland, Guido"]
[Result "1-0"]
[WhiteElo "1996"]
[BlackElo "1832"]
[PlyCount "130"]
[EventDate "2024.01.14"]
[EventType "team"]
[WhiteTeam "SV Lendersdorf 1"]
[BlackTeam "SF Brand 1"]

1. Nf3 d5 2. g3 c5 3. Bg2 g6 4. O-O Bg7 5. d3 Nf6 6. Nbd2 O-O 7. e4 e6 8. Re1 Nc6 9. c3 b6 10. e5 Nd7 11. d4 Ba6 12. a3 Rc8 13. Nf1 Na5 14. h4 Bc4 15. N3d2 Bd3 16. Re3 Ba6 17. h5 Qc7 18. hxg6 hxg6 19. g4 cxd4 20. cxd4 Qc2 21. Qf3 Rc7 22. Re1 Rfc8 23. Ne3 Qa4 24. b4 Nb3 25. Nxb3 Qxb3 26. Rd1 Nxe5 27. dxe5 Bxe5 28. Bd2 Bxa1 29. Rxa1 d4 30. Nf1 Qxf3 31. Bxf3 Rc2 32. Bf4 Be2 33. Bxe2 Rxe2 34. Rd1 e5 35. Ng3 d3 36. Bg5 f6 37. Bxf6 Kf7 38. Bg5 Ra2 39. Rxd3 Ke6 40. Ne4 Rc7 41. Rd6+ Kf7 42. Rf6+ Kg7 43. Rf3 Re2 44. Bf6+ Kg8 45. Nc3 Re1+ 46. Kg2 Rc4 47. Rg3 Kf7 48. Bg5 Ke6 49. Nb5 a6 50. Nc3 b5 51. Bd8 Ra1 52. Ne2 Rc2 53. Re3 Rca2 54. f4 Kd7 55. Bf6 exf4 56. Rd3+ Ke6 57. Bxa1 Rxe2+ 58. Kf3 Re1 59. Bc3 Rf1+ 60. Kg2 Rc1 61. g5 Kf5 62. Bd2 Rc2 63. Kf3 Kxg5 64. Bxf4+ Kh4 65. Rd1 g5 1-0

[Event "SVM_Verbandsliga_West_2023-24"]
[Site "?"]
[Date "2024.01.14"]
[Round "5.3"]
[White "Bozidarevic, Slobodjan"]
[Black "Voulon, Oliver"]
[Result "0-1"]
[WhiteElo "1856"]
[BlackElo "1950"]
[PlyCount "56"]
[EventDate "2024.01.14"]
[EventType "team"]
[WhiteTeam "SF Brand 1"]
[BlackTeam "SV Lendersdorf 1"]

1. b3 Nf6 2. Bb2 d5 3. e3 Bf5 4. Nf3 e6 5. d3 c5 6. Nbd2 Nc6 7. Be2 h6 8. Nh4 Bh7 9. g3 Be7 10. f4 O-O 11. O-O g5 12. fxg5 hxg5 13. Ng2 Nd7 14. Nf3 e5 15. c4 e4 16. Nfe1 d4 17. dxe4 Bxe4 18. Bf3 Nf6 19. Bxe4 Nxe4 20. Qd3 f5 21. Rd1 Qe8 22. g4 Ne5 23. Qc2 Nxg4 24. exd4 Qh5 25. Nf3 Bd6 26. h4 gxh4 27. dxc5 h3 28. Rxd6 h2+ 0-1

[Event "SVM_Verbandsliga_West_2023-24"]
[Site "?"]
[Date "2024.01.14"]
[Round "5.4"]
[White "Hinz, Holger"]
[Black "Weischenberg, Jürgen"]
[Result "0-1"]
[WhiteElo "1957"]
[BlackElo "1820"]
[PlyCount "154"]
[EventDate "2024.01.14"]
[EventType "team"]
[WhiteTeam "SV Lendersdorf 1"]
[BlackTeam "SF Brand 1"]

1. e4 c5 2. Nf3 d6 3. d3 Nc6 4. g3 g6 5. Bg2 Bg7 6. O-O Nf6 7. Re1 e5 8. c3 O-O 9. a3 h6 10. b4 b6 11. b5 Nb8 12. c4 Nbd7 13. Nc3 Re8 14. Bd2 Nf8 15. Nd5 Ne6 16. a4 Nxd5 17. cxd5 Nd4 18. Nxd4 exd4 {(=)} 19. a5 Bd7 20. Qb3 Rb8 21. a6 Kh7 22. f4 Qe7 23. h3 h5 24. Re2 Qf8 25. Rae1 f6 26. Rf2 Qe7 27. Kh2 Rf8 28. h4 Qe8 29. Rb1 Qc8 30. Bf3 f5 31. Re2 Qc7 32. Rbe1 Rbe8 33. Kg1 Qd8 34. e5 Re7 35. exd6 Rxe2 36. Rxe2 Re8 37. Qd1 Bxb5 38. Re7 Rxe7 39. dxe7 Qxe7 40. Bxh5 Bxd3 41. Bf3 Bxa6 42. h5 Bd3 43. hxg6+ Kxg6 44. Qa4 Bf8 45. Qc6+ Qd6 46. Qe8+ Kg7 47. Bh5 Qe7 48. Qg6+ Kh8 49. Qc6 Be4 50. Bg6 Qg7 51. Qe6 Qe7 52. Qc8 Qf6 53. d6 Kg7 54. Bh5 Qxd6 55. Qe8 Qe7 56. Qg6+ Kh8 57. g4 fxg4 58. f5 Qh7 59. Qf6+ Qg7 60. Qh4 Be7 61. Qg3 Bxf5 62. Qb8+ Bf8 63. Bf4 Kh7 64. Be5 Qh6 65. Qe8 Qe3+ 66. Kf1 Bd3+ 67. Kg2 Qf3+ 68. Kg1 Qe3+ 69. Kg2 Be4+ 70. Kf1 Qf3+ 71. Ke1 Qh1+ 72. Kf2 Qg2+ 73. Ke1 Qg1+ 74. Ke2 Bf3+ 75. Kd3 Qb1+ 76. Kc4 Qb4+ 77. Kd3 Qc3# 0-1

[Event "SVM_Verbandsliga_West_2023-24"]
[Site "?"]
[Date "2024.01.14"]
[Round "5.5"]
[White "Schülting, David"]
[Black "Flatten, Arnold"]
[Result "1-0"]
[WhiteElo "1810"]
[BlackElo "2044"]
[PlyCount "52"]
[EventDate "2024.01.14"]
[EventType "team"]
[WhiteTeam "SF Brand 1"]
[BlackTeam "SV Lendersdorf 1"]

1. e4 e6 2. b3 d5 3. Bb2 Nf6 4. e5 Nfd7 5. Nf3 c5 6. Nc3 Nc6 7. Bb5 Be7 8. Qe2 O-O 9. O-O-O d4 10. Nb1 Nb4 11. Ba3 Qb6 12. Bxb4 cxb4 13. h4 Rd8 14. Bd3 f5 15. Ng5 Bxg5 16. hxg5 g6 17. Rh6 {(=)} a5 18. Rdh1 Nf8 19. g4 Qc6 20. f3 b6 21. Bb5 Qc5 22. Bc4 Kh8 23. gxf5 exf5 24. Rxh7+ Nxh7 25. Rxh7+ Kxh7 26. Qh2+ Kg7 1-0

[Event "SVM_Verbandsliga_West_2023-24"]
[Site "?"]
[Date "2024.01.14"]
[Round "5.7"]
[White "Akingboye, Michael"]
[Black "Liebe, Uwe"]
[Result "0-1"]
[WhiteElo "1651"]
[BlackElo "1786"]
[PlyCount "146"]
[EventDate "2024.01.14"]
[EventType "team"]
[WhiteTeam "SF Brand 1"]
[BlackTeam "SV Lendersdorf 1"]

1. d4 e6 2. c4 d5 3. Nf3 Nf6 4. e3 Nbd7 5. Nc3 c6 6. Bd3 Bd6 7. O-O O-O 8. cxd5 exd5 9. e4 dxe4 10. Nxe4 Nxe4 11. Bxe4 Nf6 12. Bd3 Re8 13. h3 h6 14. Bc2 Nd5 15. Qd3 f5 16. Bd2 Qf6 17. Rfe1 Bd7 18. Qb3 b6 19. Ne5 Bxe5 20. Rxe5 Rxe5 21. dxe5 Qxe5 22. Re1 Qf6 23. Bc3 Qf7 24. Bd4 Re8 25. Rxe8+ Bxe8 26. Qg3 c5 27. Be5 Bc6 28. Qd3 g6 29. g4 fxg4 30. Qg3 Nb4 31. Qh4 Qd5 32. Bb3 c4 33. Bxc4 Qxc4 34. Qd8+ Kf7 35. Qc7+ Ke6 36. Qd6+ Kf5 37. hxg4+ Qxg4+ 38. Bg3 Qe4 39. Qf8+ Kg5 40. Qd8+ Kh5 41. f3 Qe3+ 42. Bf2 Qg5+ 43. Qxg5+ Kxg5 44. Be3+ Kh5 45. a3 Nd3 46. Kg2 Nxb2 47. Kg3 Nc4 48. Bc1 Ne5 49. f4 Nd3 50. Be3 Nc5 51. Bd4 Ne4+ 52. Kh3 Bd7+ 53. Kg2 Kg4 54. Bg7 h5 55. Be5 a6 56. Bc7 b5 57. Be5 Nc5 58. Bd6 Bc6+ 59. Kf1 Nd3 60. Ke2 Nxf4+ 61. Ke3 Ne6 62. Kf2 h4 63. Kg1 h3 64. Kh2 g5 65. Bg3 Nd4 66. Bd6 Bg2 67. Kg1 Ne2+ 68. Kh2 Nf4 69. Bb4 Kf3 70. Bd2 g4 71. Be1 Nh5 72. Bh4 g3+ 73. Bxg3 Nxg3 0-1

[Event "SVM_Verbandsliga_West_2023-24"]
[Site "?"]
[Date "2024.01.14"]
[Round "5.8"]
[White "Diel, Alexander"]
[Black "Akhramsyah Muammar Ubaidah, Aqil Ainuddin"]
[Result "0-1"]
[WhiteElo "1793"]
[BlackElo "1909"]
[PlyCount "62"]
[EventDate "2024.01.14"]
[EventType "team"]
[WhiteTeam "SV Lendersdorf 1"]
[BlackTeam "SF Brand 1"]

1. e4 Nf6 2. Nc3 d5 3. exd5 Nxd5 4. Ne4 e5 5. Nf3 f5 6. Ng3 Bd6 7. Bc4 Nb6 8. Bb3 e4 9. Nd4 Bxg3 10. Nxf5 Bxf2+ 11. Kxf2 Bxf5 12. d3 Rf8 13. Ke1 exd3 14. Qh5+ Bg6 15. Qe5+ Qe7 16. Qxe7+ Kxe7 17. Bg5+ Kd7 18. Rd1 Nc6 19. cxd3 Rae8+ 20. Kd2 Rf2+ 21. Kc3 Na5 22. Bc4 Ree2 23. Bd2 Na4+ 24. Kb4 Nxc4 25. dxc4 Rxd2 26. Rxd2+ Rxd2 27. Kxa4 Rxb2 28. Ka3 Rb1 29. Rxb1 Bxb1 30. Kb2 Be4 31. g3 Kc6 0-1

[Event "SVM_Verbandsliga_West_2023-24"]
[Site "?"]
[Date "2024.01.14"]
[Round "5.1"]
[White "Bien, Stefan"]
[Black "Weinkauf, Viktor"]
[Result "1-0"]
[WhiteElo "2055"]
[BlackElo "1886"]
[PlyCount "83"]
[EventDate "2024.01.14"]
[EventType "team"]
[WhiteTeam "SV Horrem 1"]
[BlackTeam "Aachener SV 3"]

1. d4 d5 2. Nf3 Nf6 3. Bg5 Ne4 4. Bf4 c5 5. Bxb8 Rxb8 6. c3 e6 7. e3 cxd4 8. Nxd4 e5 9. Nb5 Be6 10. Nxa7 f6 11. Nd2 Nd6 12. Nb5 Qb6 13. Nxd6+ Bxd6 14. Qb3 Bc5 15. Qxb6 Bxb6 16. Bb5+ Ke7 17. Ke2 g5 18. Rhd1 h5 19. Rac1 f5 20. c4 d4 21. Nf3 dxe3 22. Nxe5 Kf6 23. Nd7+ Bxd7 24. Rxd7 Rhe8 25. Rd6+ Re6 26. Rxe6+ Kxe6 27. fxe3 Rd8 28. b4 Bc7 29. h3 f4 30. Rc3 Kf6 31. Rd3 fxe3 32. Rxd8 Bxd8 33. c5 Ke5 34. Kxe3 Kd5 35. Kd3 h4 36. Be8 Ke6 37. Kc4 Ke7 38. Bh5 Kd7 39. a4 b6 40. cxb6 Bxb6 41. Kb5 Be3 42. Ka6 1-0

[Event "SVM_Verbandsliga_West_2023-24"]
[Site "?"]
[Date "2024.01.14"]
[Round "5.2"]
[White "Geerling, Anton"]
[Black "Schulz, Wilhelm"]
[Result "0-1"]
[WhiteElo "1935"]
[BlackElo "2009"]
[PlyCount "54"]
[EventDate "2024.01.14"]
[EventType "team"]
[WhiteTeam "Aachener SV 3"]
[BlackTeam "SV Horrem 1"]

1. c4 e5 2. Nc3 Bb4 3. g3 Bxc3 4. bxc3 Nf6 5. Bg2 O-O 6. Nf3 d6 7. O-O Nc6 8. d3 Bd7 9. Nh4 Re8 10. e4 h6 11. Nf5 Ne7 12. g4 Nh7 13. Rb1 b6 14. Kh1 Ng6 15. Qf3 Ng5 16. Qg3 Ne6 17. h4 Ngf4 18. Bd2 Kh7 19. Bxf4 Nxf4 20. g5 h5 21. Qe3 Qc8 22. Bf3 g6 23. Ng3 Ba4 24. Ne2 Qh3+ 25. Kg1 Qxh4 26. Nxf4 exf4 27. Qd4 Re5 0-1

[Event "SVM_Verbandsliga_West_2023-24"]
[Site "?"]
[Date "2024.01.14"]
[Round "5.3"]
[White "Krings, Thomas"]
[Black "Ucaroglu, Melih Furkan"]
[Result "1/2-1/2"]
[WhiteElo "2016"]
[BlackElo "1929"]
[PlyCount "94"]
[EventDate "2024.01.14"]
[EventType "team"]
[WhiteTeam "SV Horrem 1"]
[BlackTeam "Aachener SV 3"]

1. e4 c5 2. c3 d5 3. exd5 Qxd5 4. d4 Nc6 5. Nf3 Bg4 6. Be2 e6 7. O-O Nf6 8. Be3 cxd4 9. Nxd4 Bxe2 10. Qxe2 Nxd4 11. Bxd4 Be7 12. Rd1 Qc6 13. Nd2 O-O 14. Qc4 Qxc4 {(=)} 15. Nxc4 Rac8 16. Na5 b6 17. Nb3 Nd5 18. a4 a5 19. Nd2 Rc6 20. g3 f6 21. f4 Kf7 22. Nf3 Re8 23. Re1 Bc5 24. Rad1 Re7 25. Bf2 Nc7 26. Kg2 Ke8 27. Rd2 Rd7 28. Rxd7 Kxd7 29. Nd4 Bxd4 30. Bxd4 Nd5 31. Kf3 Ne7 32. Rd1 Rd6 33. Ke2 Kc6 34. Bf2 Rxd1 35. Kxd1 b5 36. axb5+ Kxb5 37. b3 a4 38. Kc2 axb3+ 39. Kxb3 Kc6 40. Kc4 Nf5 41. Kd3 Kd5 42. c4+ Kc6 43. g4 Ne7 44. Bd4 Kd6 45. Bb2 Nc6 46. h4 Ke7 47. Ke4 Kf7 {(=)} 1/2-1/2

[Event "SVM_Verbandsliga_West_2023-24"]
[Site "?"]
[Date "2024.01.14"]
[Round "5.4"]
[White "Alexopoulos, Spiros Orestis"]
[Black "Allatif, Kinan"]
[Result "1/2-1/2"]
[WhiteElo "1947"]
[BlackElo "1894"]
[PlyCount "79"]
[EventDate "2024.01.14"]
[EventType "team"]
[WhiteTeam "Aachener SV 3"]
[BlackTeam "SV Horrem 1"]

1. e4 d6 2. d4 Nf6 3. Nc3 g6 4. Be2 Bg7 5. h3 O-O 6. Nf3 c6 7. O-O Nbd7 8. Be3 e5 9. Qd2 b5 10. b4 Re8 11. Rad1 a5 12. a3 Bb7 13. dxe5 dxe5 14. Bd3 axb4 15. axb4 Qe7 16. Ne2 Ra4 17. c3 Rea8 18. Nc1 Ra3 19. Ne1 Qe6 20. f3 Nf8 21. Nc2 R3a4 22. Kh2 Nh5 23. g3 f5 24. exf5 gxf5 25. g4 fxg4 26. fxg4 Nf6 27. Bf5 Qe8 28. Bh6 Ng6 29. Bxg7 Kxg7 30. Qd6 Nd5 31. Rxd5 cxd5 32. Bxg6 Qxg6 33. Qe7+ Kg8 34. Qxb7 Qxc2+ 35. Kg1 Qe4 36. Qf7+ Kh8 37. Qf6+ Kg8 38. Qf7+ Kh8 39. Qf6+ Kg8 40. Qf7+ 1/2-1/2

[Event "SVM_Verbandsliga_West_2023-24"]
[Site "?"]
[Date "2024.01.14"]
[Round "5.5"]
[White "Fuhs, Jürgen"]
[Black "Roefe, Detlef"]
[Result "1-0"]
[WhiteElo "2070"]
[BlackElo "1887"]
[PlyCount "99"]
[EventDate "2024.01.14"]
[EventType "team"]
[WhiteTeam "SV Horrem 1"]
[BlackTeam "Aachener SV 3"]

1. e4 c5 2. d3 e6 3. Nd2 b6 4. g3 Bb7 5. Bg2 d6 6. Ngf3 Nf6 7. O-O Be7 8. Re1 O-O 9. Nf1 d5 10. e5 Nfd7 11. h4 Nc6 12. c3 Rc8 13. N1h2 Qc7 14. Bf4 d4 15. Qe2 dxc3 16. bxc3 Rfd8 17. Rad1 Nf8 18. h5 Qd7 19. Ng5 Ba6 20. Bf1 Qe8 21. Ne4 Nd7 22. Ng4 Kh8 23. h6 gxh6 24. Ngf6 Qf8 25. Nxd7 Rxd7 26. Qe3 Qg7 27. Bxh6 Qxe5 28. d4 cxd4 29. cxd4 Qa5 30. Bxa6 Qxa6 31. Ng5 Qxa2 32. Nxf7+ Kg8 33. Ng5 Qd5 34. Nxe6 Qf5 35. Qb3 Qd5 36. Qb1 Bd6 37. Bf4 Bxf4 38. Nxf4 Qf7 39. d5 Ne7 40. Re5 Ng6 41. Rf5 Qe7 42. Re1 Qa3 43. Nxg6 hxg6 44. Rg5 Rg7 45. Rxg6 Rf8 46. Ree6 Rff7 47. Rxg7+ Kxg7 48. Qg6+ Kf8 49. Qh6+ Rg7 50. Qh8+ 1-0

[Event "SVM_Verbandsliga_West_2023-24"]
[Site "?"]
[Date "2024.01.14"]
[Round "5.6"]
[White "Thiemann, Marc"]
[Black "Voigt, Ingrid"]
[Result "1-0"]
[WhiteElo "1897"]
[BlackElo "1926"]
[PlyCount "29"]
[EventDate "2024.01.14"]
[EventType "team"]
[WhiteTeam "Aachener SV 3"]
[BlackTeam "SV Horrem 1"]

1. e4 e6 2. d4 d5 3. e5 c5 4. c3 Nc6 5. Nf3 Qb6 6. Bd3 Bd7 7. dxc5 Bxc5 8. O-O f6 9. b4 Be7 10. Re1 fxe5 11. b5 Nd8 12. Nxe5 Nf6 13. a4 O-O 14. a5 Qc5 15. Ba3 1-0

[Event "SVM_Verbandsliga_West_2023-24"]
[Site "?"]
[Date "2024.01.14"]
[Round "5.7"]
[White "Rechner, Klaus"]
[Black "Hinz, Laszlo"]
[Result "1/2-1/2"]
[WhiteElo "2034"]
[BlackElo "1777"]
[PlyCount "27"]
[EventDate "2024.01.14"]
[EventType "team"]
[WhiteTeam "SV Horrem 1"]
[BlackTeam "Aachener SV 3"]

1. Nf3 d5 2. d4 Nf6 3. c4 c6 4. Qc2 Bg4 5. Ne5 Bh5 6. Bf4 Nbd7 7. e3 e6 8. Bd3 Nxe5 9. Bxe5 Bg6 10. Nd2 Bxd3 11. Qxd3 Bd6 12. Bxd6 Qxd6 13. O-O O-O 14. h3 {(=)} 1/2-1/2

[Event "SVM_Verbandsliga_West_2023-24"]
[Site "?"]
[Date "2024.01.14"]
[Round "5.8"]
[White "Yanes, Adrian"]
[Black "Olschewski, Martin"]
[Result "1/2-1/2"]
[WhiteElo "1679"]
[BlackElo "1653"]
[PlyCount "79"]
[EventDate "2024.01.14"]
[EventType "team"]
[WhiteTeam "Aachener SV 3"]
[BlackTeam "SV Horrem 1"]

1. e4 e5 2. Nf3 Nf6 3. Nc3 Nc6 4. Bb5 Bd6 5. d3 h6 6. O-O O-O 7. a3 a6 8. Bxc6 dxc6 9. h3 Be6 10. Be3 Nd7 11. d4 exd4 12. Nxd4 Bc4 13. Re1 f6 14. Nf5 Ne5 15. f4 Ng6 16. Qg4 Kh7 17. h4 Rg8 18. h5 Nf8 19. Nh4 Be6 20. f5 Bf7 21. Rad1 Qe8 22. Ng6 Nd7 23. Bf4 Ne5 24. Qg3 Rd8 25. Nb1 Bc5+ 26. Kh2 Rxd1 27. Rxd1 Bd6 {(=)} 28. Nd2 Bxg6 29. hxg6+ Kh8 30. Kh1 Qe7 31. Qh4 Qf8 32. Qg3 Qe7 33. Nf3 Nxf3 34. Qxf3 Bxf4 35. Qxf4 Rd8 36. Rxd8+ Qxd8 37. e5 Qd1+ 38. Kh2 Qh5+ 39. Kg1 Qd1+ 40. Kh2 {(=)} 1/2-1/2

[Event "SVM_Verbandsliga_West_2023-24"]
[Site "?"]
[Date "2024.01.14"]
[Round "5.1"]
[White "Kellerwessel, Ralf"]
[Black "Yeritsyan, Artur"]
[Result "1-0"]
[WhiteElo "1895"]
[BlackElo "1863"]
[PlyCount "141"]
[EventDate "2024.01.14"]
[EventType "team"]
[WhiteTeam "Tigerli Aachen 1"]
[BlackTeam "Brühler SK 3"]

1. Nf3 Nf6 2. d4 e6 3. c4 d5 4. Nc3 Be7 5. cxd5 exd5 6. Bg5 O-O 7. e3 c6 8. Qc2 Nbd7 9. Bd3 Re8 10. h3 h6 11. Bf4 b6 12. O-O Bb7 13. Rfd1 Bf8 14. a3 Qe7 15. Rac1 Ne4 16. Ne5 Nxc3 17. Qxc3 Nxe5 18. Bxe5 Qe6 19. Be2 Bd6 20. Bxd6 Qxd6 21. Bg4 Qe7 22. Rd2 Red8 23. Rdc2 Qd6 24. Qd3 Qe7 25. Qf5 Rd6 26. b4 b5 27. Qe5 Qf8 28. Bf5 a5 29. bxa5 Rxa5 30. Rc3 Ra8 31. Bb1 Re6 32. Qf5 g6 33. Qd3 Ree8 34. h4 h5 35. Re1 Qe7 36. g3 Qd7 37. Qd1 Qd6 38. Qb3 Ra4 39. Bc2 Rea8 40. Ra1 b4 41. Rc5 Bc8 42. Qxa4 Rxa4 43. Bxa4 bxa3 44. Bxc6 Be6 45. Rxa3 Qe7 46. Raa5 Kg7 47. Bxd5 Bxd5 48. Rxd5 Qb7 49. Rab5 Qa7 50. Rb1 Qa2 51. Rdb5 Qa8 52. d5 Qd8 53. e4 Qe7 54. Re1 Qe5 55. Rbb1 g5 56. hxg5 h4 57. gxh4 Qf4 58. Rb3 Qxh4 59. d6 Qg4+ 60. Rg3 Qe6 61. e5 Kg6 62. Kh2 Qf5 63. Re2 Qe6 64. f4 Qf5 65. Rf2 Kg7 66. Rc3 Qg4 67. Rff3 Qh4+ 68. Kg2 Qg4+ 69. Kf1 Kh7 70. Rcd3 Qd7 71. f5 1-0

[Event "SVM_Verbandsliga_West_2023-24"]
[Site "?"]
[Date "2024.01.14"]
[Round "5.2"]
[White "Heuser, Friedhelm"]
[Black "Schuller, Bernd"]
[Result "1/2-1/2"]
[WhiteElo "2005"]
[BlackElo "1777"]
[PlyCount "70"]
[EventDate "2024.01.14"]
[EventType "team"]
[WhiteTeam "Brühler SK 3"]
[BlackTeam "Tigerli Aachen 1"]

1. e4 c5 2. Nf3 d6 3. d4 cxd4 4. Qxd4 Nc6 5. Bb5 Bd7 6. Bxc6 Bxc6 7. c4 Nf6 8. Nc3 g6 9. O-O Bg7 10. Qd3 O-O 11. Bf4 Nd7 12. b4 Ne5 13. Nxe5 dxe5 14. Qxd8 Rfxd8 15. Be3 f5 16. f3 Rd3 17. Nd1 fxe4 18. fxe4 Bxe4 19. Re1 Bf5 20. Nf2 Rd7 21. a3 Bc2 22. Rac1 Ba4 23. Ne4 Rd3 24. Nc5 Rxa3 25. Ra1 Rxa1 26. Rxa1 Bc2 27. Nxb7 e4 28. Rxa7 Rxa7 29. Bxa7 Bc3 30. Bc5 Bd3 31. Na5 e5 32. Kf2 Kf7 33. Ke3 Ke6 34. Nb3 Bxc4 35. Nd2 Bxd2+ 1/2-1/2

[Event "SVM_Verbandsliga_West_2023-24"]
[Site "?"]
[Date "2024.01.14"]
[Round "5.3"]
[White "Greim, Roman"]
[Black "Schottmüller, Christoph"]
[Result "0-1"]
[WhiteElo "1776"]
[BlackElo "1910"]
[PlyCount "98"]
[EventDate "2024.01.14"]
[EventType "team"]
[WhiteTeam "Tigerli Aachen 1"]
[BlackTeam "Brühler SK 3"]

1. e4 e5 2. Bc4 Nf6 3. d3 Nc6 4. f4 Bc5 5. Nf3 d6 6. Nc3 Ng4 7. Rf1 Nxh2 8. Ng5 Bg4 9. Bxf7+ Kf8 10. fxe5 Nxe5 11. Qxg4 Nexg4 12. Ne6+ Ke7 13. Bg5+ Kd7 14. Nxd8 Raxd8 15. Bxd8 Nxf1 16. Bh4 Nfe3 17. Ke2 Nxg2 18. Bg3 Rf8 19. Bh5 Nf4+ 20. Bxf4 Rxf4 21. Rf1 Rf2+ 22. Rxf2 Nxf2 23. Nd5 Kd8 24. Nf4 g6 25. Bf3 Bb6 26. c3 h6 27. d4 g5 28. Kxf2 gxf4 29. b4 Ke7 30. Ke2 Kf6 31. a4 c6 32. a5 Bc7 33. c4 c5 34. bxc5 dxc5 35. d5 Bxa5 36. d6 Ke6 37. Kd3 Kxd6 38. e5+ Kxe5 39. Bxb7 h5 40. Bf3 h4 41. Bg4 Bd8 42. Bc8 Bg5 43. Bg4 Bh6 44. Bf3 h3 45. Bc6 h2 46. Bf3 a5 47. Kc3 a4 48. Bd5 Bg7 49. Bf3 Kf5+ 0-1

[Event "SVM_Verbandsliga_West_2023-24"]
[Site "?"]
[Date "2024.01.14"]
[Round "5.4"]
[White "Jopek, Eugen"]
[Black "Heiermann, Peter"]
[Result "1-0"]
[WhiteElo "1824"]
[BlackElo "1621"]
[PlyCount "95"]
[EventDate "2024.01.14"]
[EventType "team"]
[WhiteTeam "Brühler SK 3"]
[BlackTeam "Tigerli Aachen 1"]

1. e4 e6 2. d4 d6 3. Bd3 c5 4. dxc5 Qa5+ 5. Nc3 dxc5 6. Bd2 Qd8 7. a4 a6 8. Nf3 Nc6 9. O-O Bd6 10. Bg5 Nge7 11. Be3 Ng6 12. Re1 b6 13. Nd2 Bb7 14. g3 Nd4 15. f4 f6 16. f5 exf5 17. exf5 Ne5 18. Qh5+ Kd7 19. Bxd4 cxd4 20. Nce4 Be7 21. Qe2 Re8 22. Nb3 Rc8 23. Nxd4 Bc5 24. Nxc5+ Rxc5 25. Ne6 Qc8 26. Be4 Rxe6 27. fxe6+ Kxe6 28. c3 Kf7 29. Qh5+ Ke7 30. Qxh7 Bxe4 31. Qxg7+ Ke6 32. Rxe4 Rd5 33. Qh6 Qc5+ 34. Qe3 Qd6 35. Rf1 Rd3 36. Qf2 Kf7 37. Qf5 Qc5+ 38. Kh1 Nd7 39. Qxc5 Nxc5 40. Ref4 Rd6 41. h4 Nd3 42. Rd4 Rxd4 43. cxd4 Nxb2 44. Ra1 Nd3 45. Kg2 Kg6 46. Kf3 f5 47. Rb1 b5 48. Ke3 1-0

[Event "SVM_Verbandsliga_West_2023-24"]
[Site "?"]
[Date "2024.01.14"]
[Round "5.5"]
[White "Schrader, Bernd"]
[Black "Vladimirow, Anguel"]
[Result "0-1"]
[WhiteElo "1529"]
[BlackElo "1860"]
[PlyCount "78"]
[EventDate "2024.01.14"]
[EventType "team"]
[WhiteTeam "Tigerli Aachen 1"]
[BlackTeam "Brühler SK 3"]

1. e4 d5 2. exd5 Qxd5 3. Nc3 Qe5+ 4. Qe2 Qxe2+ 5. Bxe2 c6 6. Nf3 Bf5 7. d3 Nd7 8. Bf4 f6 9. O-O e5 10. Bd2 O-O-O 11. Ne4 Bxe4 12. dxe4 Nc5 13. Be3 Nxe4 14. Bxa7 Bc5 15. Bxc5 Nxc5 16. b4 Ne6 17. Bc4 Nc7 18. Rfd1 Ne7 19. a4 Rxd1+ 20. Rxd1 Rd8 21. Rxd8+ Kxd8 22. Bd3 Ncd5 23. b5 Nc3 24. bxc6 e4 25. cxb7 Kc7 26. Ba6 exf3 27. gxf3 Nxa4 28. Bd3 h6 29. Kg2 Kxb7 30. Kg3 Kb6 31. h4 Kc5 32. f4 Kd4 33. Kf3 Nc5 34. Ke2 Nxd3 35. cxd3 Nd5 36. f5 Nf4+ 37. Kf3 Nxd3 38. h5 Ke5 39. Ke3 Nf4 0-1

[Event "SVM_Verbandsliga_West_2023-24"]
[Site "?"]
[Date "2024.01.14"]
[Round "5.6"]
[White "Schmitz, Stephan"]
[Black "Terlaak, Michael"]
[Result "1-0"]
[WhiteElo "1758"]
[BlackElo "1511"]
[PlyCount "83"]
[EventDate "2024.01.14"]
[EventType "team"]
[WhiteTeam "Brühler SK 3"]
[BlackTeam "Tigerli Aachen 1"]

1. d4 d5 2. Nc3 Nf6 3. Bg5 e6 4. e4 h6 5. Bxf6 Qxf6 6. exd5 Bb4 7. dxe6 Bxe6 8. a3 Bxc3+ 9. bxc3 O-O 10. Bd3 Bd5 11. f3 Re8+ 12. Kf2 Nc6 13. Ne2 Re7 14. Qd2 Rae8 15. Rhe1 Qh4+ 16. Ng3 Bxf3 17. Rxe7 Rxe7 18. Kxf3 Kf8 19. Qf4 Qxf4+ 20. Kxf4 Re6 21. Ne4 Ne7 22. c4 Ng6+ 23. Kf3 Nh4+ 24. Kf2 Ng6 25. g3 Ke7 26. Re1 Kf8 27. Nc5 Rf6+ 28. Ke3 Kg8 29. Bxg6 Rxg6 30. Nxb7 Rb6 31. Nc5 Rb2 32. Kd3 Ra2 33. a4 Ra3+ 34. c3 Ra2 35. Re8+ Kh7 36. Re2 Ra1 37. d5 Rh1 38. Na6 Ra1 39. Nxc7 Rxa4 40. d6 Ra1 41. d7 Rd1+ 42. Rd2 1-0

[Event "SVM_Verbandsliga_West_2023-24"]
[Site "?"]
[Date "2024.01.14"]
[Round "5.7"]
[White "Kleistra, Michel"]
[Black "Esser, Heinz"]
[Result "1-0"]
[WhiteElo "1465"]
[BlackElo "1630"]
[PlyCount "71"]
[EventDate "2024.01.14"]
[EventType "team"]
[WhiteTeam "Tigerli Aachen 1"]
[BlackTeam "Brühler SK 3"]

1. c4 d5 2. d4 c6 3. cxd5 Qxd5 4. Nc3 Qa5 5. Nf3 Bf5 6. Bd2 Qd8 7. e4 Bg4 8. a4 Bxf3 9. Qxf3 Qxd4 10. Rb1 e6 11. Be3 Qf6 12. Qg3 e5 13. Bc4 Nd7 14. O-O Qg6 15. Qf3 Bc5 16. Qe2 Bxe3 17. Qxe3 Qh6 18. Qg3 Qg6 19. Qd3 Nc5 20. Qc2 Ne7 21. f4 exf4 22. Rxf4 Ne6 23. Rf2 O-O 24. Rbf1 c5 25. Qb3 b6 26. Rxf7 Rxf7 27. Bxe6 Raf8 28. h3 Nc6 29. Rxf7 Rxf7 30. Qd5 Qf6 31. Bxf7+ Qxf7 32. Qxc6 h6 33. e5 Qf4 34. Qd5+ Kh7 35. e6 Qc1+ 36. Nd1 1-0

[Event "SVM_Verbandsliga_West_2023-24"]
[Site "?"]
[Date "2024.01.14"]
[Round "5.8"]
[White "Botvinnik, Alexey"]
[Black "Bernard, Sasha Amira"]
[Result "1-0"]
[WhiteElo "1710"]
[BlackElo "1261"]
[PlyCount "115"]
[EventDate "2024.01.14"]
[EventType "team"]
[WhiteTeam "Brühler SK 3"]
[BlackTeam "Tigerli Aachen 1"]

1. d4 Nf6 2. Nf3 g6 3. g3 Bg7 4. Bg2 O-O 5. O-O d6 6. c4 Nbd7 7. Qc2 c5 8. Nc3 Rb8 9. b3 Ne8 10. d5 Nc7 11. Bb2 a6 12. Ne4 Bxb2 13. Qxb2 b5 14. Qd2 b4 15. Qh6 f6 16. Neg5 fxg5 17. Nxg5 Nf6 18. Nxh7 Rf7 19. Qxg6+ Rg7 20. Nxf6+ exf6 21. Qh6 Qe7 22. h4 Kf8 23. e4 Ke8 24. Qh8+ Qf8 25. Qxf8+ Kxf8 26. Rfe1 Bd7 27. Re3 Re8 28. Rf3 Rf7 29. Rf4 Re5 30. Bf3 f5 31. exf5 Rfxf5 32. Rxf5+ Bxf5 33. g4 Be4 34. Kg2 Ne8 35. Kg3 Nf6 36. g5 Bxf3 37. Kxf3 Rf5+ 38. Kg2 Ne8 39. Kg3 Ng7 40. f4 Kf7 41. Re1 Kg6 42. Kg4 Rf8 43. Re7 Nh5 44. Re6+ Nf6+ 45. gxf6 Rd8 46. h5+ Kh7 47. Re7+ Kh6 48. Kf5 a5 49. f7 Rf8 50. Kf6 a4 51. Re8 Rxf7+ 52. Kxf7 Kxh5 53. Rg8 axb3 54. axb3 Kh4 55. f5 Kh5 56. f6 Kh6 57. Ke7 Kh7 58. f7 1-0